Detalles MARC
| 000 -CABECERA |
| campo de control de longitud fija |
00783cam a2200217 4500 |
| 001 - NÚMERO DE CONTROL |
| campo de control |
000006314 |
| 005 - FECHA Y HORA DE LA ÚLTIMA TRANSACCIÓN |
| campo de control |
20200929153921.0 |
| 008 - DATOS DE LONGITUD FIJA--INFORMACIÓN GENERAL |
| campo de control de longitud fija |
760824s1968 pn c b f001 0 spa |
| 010 ## - NÚMERO DE CONTROL DE LA BIBLIOTECA DEL CONGRESO |
| Número de control de LC |
71415616 |
| 025 ## - NÚMERO DE ADQUISICIÓN EXTRANJERO |
| Número de adquisición extranjero |
LACAP69-1587 |
| 040 ## - FUENTE DE LA CATALOGACIÓN |
| Centro catalogador/agencia de origen |
DO-SdBNP |
| Centro/agencia transcriptor |
CtY |
| Centro/agencia modificador |
DLC |
| 050 00 - SIGNATURA TOPOGRÁFICA DE LA BIBLIOTECA DEL CONGRESO |
| Número de clasificación |
F1565.2.C8 |
| Número de documento/Ítem |
R38 |
| 100 2# - ENTRADA PRINCIPAL--NOMBRE DE PERSONA |
| Nombre de persona |
Reverte Coma, Jose Manuel, |
| Fechas asociadas al nombre |
1922- |
| 9 (RLIN) |
17615 |
| 245 10 - MENCIÓN DE TÍTULO |
| Título |
Literatura oral de los indios cunas; : |
| Resto del título |
ensayo literario sobre una cultura aborigen panamena / |
| Mención de responsabilidad, etc. |
[por] Jose M. Reverte. |
| 260 ## - PUBLICACIÓN, DISTRIBUCIÓN, ETC. |
| Lugar de publicación, distribución, etc. |
Panama : |
| Nombre del editor, distribuidor, etc. |
[Ediciones del Ministerio de Educacion, Direccion Nacional de Cultura], |
| Fecha de publicación, distribución, etc. |
1968. |
| 300 ## - DESCRIPCIÓN FÍSICA |
| Extensión |
283 p. : |
| Otras características físicas |
port. ; |
| Dimensiones |
23 cm. |
| 504 ## - NOTA DE BIBLIOGRAFÍA, ETC. |
| Nota de bibliografía, etc. |
Bibliographical footnotes. |
| 650 #0 - PUNTO DE ACCESO ADICIONAL DE MATERIA--TÉRMINO DE MATERIA |
| Término de materia o nombre geográfico como elemento de entrada |
Cuna indians. |
| 9 (RLIN) |
17616 |
| 650 #0 - PUNTO DE ACCESO ADICIONAL DE MATERIA--TÉRMINO DE MATERIA |
| Término de materia o nombre geográfico como elemento de entrada |
Folk, literature. |
| 9 (RLIN) |
17617 |
| 910 ## - DATOS DE OPCIÓN DEL USUARIO (OCLC) |
| Datos de opción del usuario |
Catalogación por copia / LC |